| 000 | 00752nam a2200181Ia 4500 | ||
|---|---|---|---|
| 003 | GCL | ||
| 008 | 140319s9999 xx 000 0 ara d | ||
| 040 |
_aGCL / _cGCL |
||
| 082 | 0 | 4 |
_a219.3 _bم م |
| 100 | 1 | _aمركز دراسات الوحدة العربية | |
| 245 | 1 | 0 |
_aالمؤتمر القومى الاسلامى الاول : وثائق ومناقشات وقرارات المؤتمر الذى عقد فى بيروت خلال اكتوبر 1994 / _cمركز دراسات الوحدة العربية |
| 300 | _a562 ص | ||
| 490 |
_aالهيئة العامة للاستعلامات _v0 |
||
| 650 | 0 | 4 | _aالمؤتمرات |
| 650 | 0 | 4 | _aالاسلام والسياسة |
| 650 | 0 | 4 | _aالقومية العربية, مؤتمرات |
| 942 |
_2ddc _cBK |
||
| 999 |
_c49161 _d49161 |
||